40. Yılında Kayseri OSB : (Record no. 200427384)

MARC details
000 -LEADER
fixed length control field 00896nam a22002657a 4500
001 - CONTROL NUMBER
control field 200427384
003 - CONTROL NUMBER IDENTIFIER
control field TR-AnTOB
005 - DATE AND TIME OF LATEST TRANSACTION
control field 20250812152358.0
008 - FIXED-LENGTH DATA ELEMENTS--GENERAL INFORMATION
fixed length control field 171001b xxu||||| |||| 00| 0 tur d
020 ## - INTERNATIONAL STANDARD BOOK NUMBER
International Standard Book Number 9789758962587
040 ## - CATALOGING SOURCE
Original cataloging agency TR-AnTOB
Language of cataloging eng
Transcribing agency TR-AnTOB
Description conventions rda
041 ## - LANGUAGE CODE
Language code of text/sound track or separate title Türkçe
050 ## - LIBRARY OF CONGRESS CALL NUMBER
Classification number HC493.B87
Item number .K39 2008
090 ## - LOCALLY ASSIGNED LC-TYPE CALL NUMBER (OCLC); LOCAL CALL NUMBER (RLIN)
Classification number (OCLC) (R) ; Classification number, CALL (RLIN) (NR) HC493
Local cutter number (OCLC) ; Book number/undivided call number, CALL (RLIN) .K39 2008
100 ## - MAIN ENTRY--PERSONAL NAME
Personal name Subaşı, Muhsin İlyas
9 (RLIN) 118023
245 ## - TITLE STATEMENT
Title 40. Yılında Kayseri OSB :
Remainder of title Ticaret Şehrinden Sanayi Şehrine Geçişin Hikayesi /
Statement of responsibility, etc. Muhsin İlyas Subaşı.
264 ## - PRODUCTION, PUBLICATION, DISTRIBUTION, MANUFACTURE, AND COPYRIGHT NOTICE
Place of production, publication, distribution, manufacture İstanbul :
Name of producer, publisher, distributor, manufacturer Kayseri Oragnize Sanayi Bölgesi Müdürlüğü,
Date of production, publication, distribution, manufacture, or copyright notice 2017.
300 ## - PHYSICAL DESCRIPTION
Extent 632 pages :
Other physical details illustrations ;
Dimensions 30 cm.
336 ## - CONTENT TYPE
Source rdacontent
Content type term text
Content type code txt
337 ## - MEDIA TYPE
Source rdamedia
Media type term unmediated
Media type code n
338 ## - CARRIER TYPE
Source rdacarrier
Carrier type term volume
Carrier type code nc
651 #0 - SUBJECT ADDED ENTRY--GEOGRAPHIC NAME
Geographic name Kayseri İli (Turkey)
General subdivision Economic conditions
9 (RLIN) 64298
942 ## - ADDED ENTRY ELEMENTS (KOHA)
Source of classification or shelving scheme Library of Congress Classification
Koha item type Book
Holdings
Withdrawn status Lost status Source of classification or shelving scheme Not for loan Collection code Home library Current library Shelving location Date acquired Source of acquisition Inventory number Total Checkouts Full call number Barcode Date last seen Date shelved Koha item type Copy number
    Library of Congress Classification Ödünç Verilebilir / Available Genel Koleksiyon Merkez Kütüphane Merkez Kütüphane Genel Koleksiyon / Main Collection 07/05/2017 Bağış / Donation İKT   HC493 .K39 2008 0054169 01/10/2017 01/10/2017 Book  
    Library of Congress Classification Ödünç Verilebilir / Available Genel Koleksiyon Merkez Kütüphane Merkez Kütüphane Genel Koleksiyon / Main Collection 02/07/2019 TOBB Bağış / TOBB Donation İKT   HC493 .K39 2017 c.2 0060587 12/11/2019 12/11/2019 Book 2
Devinim Yazılım Eğitim Danışmanlık tarafından Koha'nın orjinal sürümü uyarlanarak geliştirilip kurulmuştur.